01011nam a2200169Ia 4500001001300000003001000013008004100023040002500064041000700089100002200096245005700118250001100175260003600186300001200222500056600234650004100800b4710-30654 IT-MiCISF161014s9999||||xx |||||||||||||| ||und|| aIT-MiCISFcIT-MiCISF ait aDe Pieri Severino 0aOrientamento educativo e accompagnamento vocazionale a1a ed. a Leumann (TO)bElle Di Cic2000 app. 142 a / educazione, vocazione, teoria, adolescenza / In un contesto educativo e sociale pervaso da complessità e pluralismo di posizioni, gli educatori avvertono l'incertezza e la fatica dell'educare e dell'orientare. Richiamandosi agli insegnamenti di don Bosco, e tentando di attualizzarli, il volume intende proporsi come uno strumento per insegnanti, genitori, operatori di orientamento, sacerdoti, guide spirituali e formative allo scopo di orientare e accompagnare i giovani nella scoperta della propria vocazione e nella scelta del proprio progetto di vita. a Temi di pastorale / educazionee012